Daily Country Riddle #136 - Statistics

General Stats
  • This quiz has been taken 91 times
  • The average score is 16 of 23
Answer Stats
Type Answer % Correct
Found Letter N
100%
Found Letter S
100%
Found Letter I
94%
Found Letter H
93%
Found Letter E
84%
Found Letter L
84%
Correctly Placed Letter N
74%
Correctly Placed Letter S
74%
Correctly Placed Letter I
73%
Correctly Placed Letter E
61%
Correctly Placed Letter H
61%
Correctly Placed Letter I
61%
Correctly Placed Letter I
61%
Found Letter I
61%
Found Letter I
61%
Correctly Placed Letter L
61%
Correctly Placed Letter P
61%
Correctly Placed Letter P
61%
Correctly Placed Letter P
61%
Found Letter P
61%
Found Letter P
61%
Found Letter P
61%
Mystery Country Philippines
61%
No matching quizzes found
Score Distribution
Percent of People with Each Score
Percentile by Number Answered
Your Score History
You have not taken this quiz